000 00676nam a2200193Ia 4500
008 151119s9999||||xx |||||||||||||| ||und||
082 _a954.02
082 _bGKKV14000
100 _aपगडी सेतुमाधवराव
245 _aमोगल दरबारची बातमीपत्रे
260 _a--
260 _b--
260 _c1965
600 _aपगडी सेतुमाधवराव
630 _aमोगल दरबारची बातमीपत्रे
700 _aपगडी सेतुमाधवराव
730 _aमोगल दरबारची बातमीपत्रे
942 _cBOOK
999 _c1067571
_d1067568